000 00465nab a2200145Ia 4500
003 ES-SlBCS
005 20210601132551.0
008 140529s1997 xxu||||| |||| 00| 0 ita d
041 _aita
100 1 _aMucci, Giandomenico
_922719
245 0 0 _aLa concessione del titolo di Dottore della Chiesa
_c Giandomenico Mucci
650 0 4 _aDoctor de la Iglesia
_9192870
773 0 _tCivilta Cattolica, la
_gvol. 148/4, nº. 3540, 1997, págs. 567-574
_wRev122
942 _cAR
999 _c582053
_d582053